| 000 | 00838nam a2200205Ia 4500 | ||
|---|---|---|---|
| 003 | GCL | ||
| 005 | 20240530101754.0 | ||
| 008 | 140319s9999 xx 000 0 ara d | ||
| 040 |
_aGCL / _cGCL |
||
| 082 | 0 | 4 |
_a944.01 _bم د |
| 100 | 1 | _aمحمد محمد مرسى الشيخ | |
| 245 | 1 | 0 |
_aدولة الفرنجة وعلاقتها بالامويين فى الاندلس حتى اواخر القرن العاشر الميلادى 755م - 976م = 128هـ - 366هـ / _cمحمد محمد مرسى الشيخ |
| 260 |
_a[S.N] : _bمؤسسة الثقافة الجامعية |
||
| 300 |
_a333 ص؛ _b24 سم. |
||
| 500 | _a (هدية من الاديب عبدالفتاح الجمل) | ||
| 650 | 0 | 4 | _aالاندلس |
| 650 | 0 | 4 | _aالعرب فى اسبانيا |
| 650 | 0 | 4 | _aالدولة الاموية (661م - 750م) |
| 942 |
_2ddc _cBK |
||
| 999 |
_c27623 _d27623 |
||